London and south east boroughs (Record no. 82526)

MARC details
000 -LEADER
fixed length control field 00762cab a22002175a 4500
001 - CONTROL NUMBER
control field L150488
008 - FIXED-LENGTH DATA ELEMENTS--GENERAL INFORMATION
fixed length control field 100720e20100605xxk 000 0 eng d
035 ## - SYSTEM CONTROL NUMBER
System control number (Sirsi) u150488
041 0# - LANGUAGE CODE
Language code of text/sound track or separate title eng
100 1# - MAIN ENTRY--PERSONAL NAME
Personal name Norman, Paul
245 00 - TITLE STATEMENT
Title London and south east boroughs
260 ## - PUBLICATION, DISTRIBUTION, ETC.
Date of publication, distribution, etc. 2010
490 ## - SERIES STATEMENT
Series statement Estates Gazette
Volume/sequential designation (1022) 5 June 2010, 79-89(9)
520 ## - SUMMARY, ETC.
Summary, etc. Outlook for major projects in London post Election 2010. Includes a detailed examination of the Greenwich Peninsula projects, the Elephant & Castle regeneration and a case study of developments in Millwall.
590 ## - LOCAL NOTE (RLIN)
Local note KA
651 #4 - SUBJECT ADDED ENTRY--GEOGRAPHIC NAME
Geographic name London
651 #4 - SUBJECT ADDED ENTRY--GEOGRAPHIC NAME
Geographic name South East (England)
690 ## - LOCAL SUBJECT ADDED ENTRY--TOPICAL TERM (OCLC, RLIN)
Topical term or geographic name as entry element PROPERTY-COMMERCIAL PROPERTY-COMMERCIAL PROPERTY MARKET
700 1# - ADDED ENTRY--PERSONAL NAME
Personal name Smith, Melanie
942 ## - ADDED ENTRY ELEMENTS (KOHA)
Suppress in OPAC 0
Holdings
Withdrawn status Lost status Source of classification or shelving scheme Damaged status Not for loan Home library Current library Shelving location Date acquired Total Checkouts Full call number Barcode Date last seen Copy number Price effective from Koha item type
    Dewey Decimal Classification     London London Journal article 20/07/2010   L150488 150488-1001 06/08/2019 1 06/08/2019 Journal article